000 00552nam a22001817a 4500
005 20251108164953.0
008 250721s1995 xx 000 0 ara d
082 1 4 _a214.1/احم
100 1 _aبهجت، أحمد
245 1 0 _aسبحانه و تعالى /
264 1 _aالقاهره :
_bالمختار الإسلامي للنشر و التوزيع و التصدير،
_c1995.
300 _a78ص
650 1 7 _aالإسلام
650 1 7 _aأصول الدين الإسلامي
650 1 7 _aالتوحيد
942 _2ddc
_cBK
999 _c18724
_d18724